Mujeres de barro y sangre (Record no. 1592)

MARC details
000 -LEADER
campo de control de longitud fija 00687nam a22001457a 4500
008 - DATOS DE LONGITUD FIJA--INFORMACIÓN GENERAL
campo de control de longitud fija 180825b xxu||||| |||| 00| 0 eng d
020 ## - NÚMERO INTERNACIONAL ESTÁNDAR DEL LIBRO
Número Internacional Estándar del Libro 9709703587
082 ## - NÚMERO DE LA CLASIFICACIÓN DECIMAL DEWEY
Número de clasificación 700.452.2
Número de ítem AN553m
100 ## - ENTRADA PRINCIPAL--NOMBRE DE PERSONA
Nombre de persona Andrade, Lourdes
9 (RLIN) 6620
245 ## - MENCIÓN DEL TÍTULO
Título Mujeres de barro y sangre
260 ## - PUBLICACIÓN, DISTRIBUCIÓN, ETC.
Lugar de publicación, distribución, etc. México
-- Estampa Artes Gráficas S.A. de C.V.
Nombre del editor, distribuidor, etc. Instituto Nacional de Bellas Artes y Literatura
-- Centro Nacional de las Artes
-- Centro Nacional de Investigación, Documentación e Información de Artes Plásticas (CENIDIAP)
-- Estampa Artes Gráficas S.A. de C.V.
Fecha de publicación, distribución, etc. 2012
300 ## - DESCRIPCIÓN FÍSICA
Extensión 15 p.
Dimensiones 21 cm.
440 ## - MENCIÓN DE SERIE/PUNTO DE ACCESO ADICIONAL--TÍTULO
Título Ensayos Abrevian
9 (RLIN) 6618
650 ## - PUNTO DE ACCESO ADICIONAL DE MATERIA--TÉRMINO DE MATERIA
Fuente del encabezamiento o término Arte contemporáneo
Subdivisión general Arte - mujer
-- Bretón, André
-- Paz, Octavio
9 (RLIN) 6621
Holdings
Estatus retirado Estado de pérdida Fuente del sistema de clasificación o colocación Estado de daño No para préstamo Biblioteca de origen Biblioteca actual Ubicación en estantería Fecha de adquisición Total de préstamos Signatura topográfica completa Código de barras Visto por última vez Precio de reemplazo Tipo de ítem Koha
    Clasificación Decimal Dewey     Biblioteca LadoV Biblioteca LadoV   25/08/2018   700.452.2 AN553m 004650 25/08/2018 25/08/2018 Material 01